European hotel industry performance 2007 (Record no. 80691)
[ view plain ]
| 000 -LEADER | |
|---|---|
| fixed length control field | 01052cab a22002175a 4500 |
| 001 - CONTROL NUMBER | |
| control field | L145056 |
| 008 - FIXED-LENGTH DATA ELEMENTS--GENERAL INFORMATION | |
| fixed length control field | 080903s2008 xxk s 000 0 eng d |
| 035 ## - SYSTEM CONTROL NUMBER | |
| System control number | (Sirsi) u145056 |
| 041 0# - LANGUAGE CODE | |
| Language code of text/sound track or separate title | eng |
| 100 1# - MAIN ENTRY--PERSONAL NAME | |
| Personal name | Bader, Elana |
| 245 00 - TITLE STATEMENT | |
| Title | European hotel industry performance 2007 |
| 260 ## - PUBLICATION, DISTRIBUTION, ETC. | |
| Date of publication, distribution, etc. | 2008 |
| 490 ## - SERIES STATEMENT | |
| Series statement | Journal of Retail and Leisure Property |
| Volume/sequential designation | 7(3) 2008, 179-185(7) |
| 520 ## - SUMMARY, ETC. | |
| Summary, etc. | Looks at two core annual publications. HSV's european hotel valuation index survey findings show that European hotel values grew for a fourth consecutive year (2.6%, compared to the 2006 figure of 9%). The HSV european hotel transaction review looks at an increase in portfolio transactions and the effects of the global economic downturn and displays a market where growth is slowing as it seeks to weather the credit crunch. |
| 590 ## - LOCAL NOTE (RLIN) | |
| Local note | KA |
| 651 #4 - SUBJECT ADDED ENTRY--GEOGRAPHIC NAME | |
| Geographic name | Europe |
| 690 ## - LOCAL SUBJECT ADDED ENTRY--TOPICAL TERM (OCLC, RLIN) | |
| Topical term or geographic name as entry element | PROPERTY-RESIDENTIAL PROPERTY-COMMUNAL RESIDENTIAL PROPERTY-COMMUNAL RESIDENTIAL FACILITIES-HOTELS |
| 700 1# - ADDED ENTRY--PERSONAL NAME | |
| Personal name | Balekjian, Cristina |
| 700 1# - ADDED ENTRY--PERSONAL NAME | |
| Personal name | Geieregger, Elke |
| 942 ## - ADDED ENTRY ELEMENTS (KOHA) | |
| Suppress in OPAC | 0 |
| Withdrawn status | Lost status | Source of classification or shelving scheme | Damaged status | Not for loan | Home library | Current library | Shelving location | Date acquired | Total Checkouts | Full call number | Barcode | Date last seen | Copy number | Price effective from | Koha item type |
|---|---|---|---|---|---|---|---|---|---|---|---|---|---|---|---|
| Dewey Decimal Classification | London | London | Journal article | 03/09/2008 | L145056 | 145056-1001 | 06/08/2019 | 1 | 06/08/2019 | Journal article |